| 000 | 00409nam a2200145Ia 4500 | ||
|---|---|---|---|
| 008 | 231129s2002||||xx |||||||||||||| ||spa|| | ||
| 020 | _a970-15-0771-4 | ||
| 040 | _bspa | ||
| 082 | _a720.1 S684i | ||
| 100 | _aSolá-Morales Ignasi de | ||
| 245 | 0 | _aIntroducción a la arquitectura: conceptos fundamentales | |
| 260 | _c2002 | ||
| 264 | _aAlfaomega | ||
| 942 |
_2ddc _cBKS |
||
| 999 |
_c15831 _d15831 |
||